| 000 | 00578nam a22001937a 4500 | ||
|---|---|---|---|
| 003 | CEME | ||
| 005 | 20210628205658.0 | ||
| 008 | 210312b xxu||||| |||| 00| 0 eng d | ||
| 020 | _a0-89006-975-1 | ||
| 040 | _c. | ||
| 082 | _a621.3845 SIW | ||
| 100 |
_aSiwiak, Kazimierz _955848 |
||
| 245 | _aRadiowave propagation and antennas for personal communications | ||
| 250 | _a2ND | ||
| 260 |
_aLONDON _bARTECH HOUSE _c1998 |
||
| 300 | _a416P | ||
| 650 |
_aRADIO-ANTENNAS RADIO WAVE PROPAGATION MOBILE COMMUNICATION SYSTEM COMMUNICATION SYSTEM-MOBILE _976615 |
||
| 942 |
_cBK _2ddc |
||
| 999 |
_c581965 _d581965 |
||